[Event "New Zealand Open Ch'p 2015"]
[Site "Devonport, Auckland"]
[Date "2015.01.08"]
[Round "8.48"]
[White "Yan, Sarah"]
[Black "Shen, Terry"]
[Result "0-1"]
[WhiteElo "1390"]
[BlackElo "1722"]
[PlyCount "102"]
[EventDate "2015.01.01"]
[EventType "swiss"]
[EventRounds "9"]
[SourceDate "2015.01.01"]

1. d4 Nf6 2. c4 g6 3. e3 Bg7 4. Nf3 d6 5. Be2 O-O 6. O-O c5 7. Nc3 Nc6 8. Re1
e5 9. d5 Nb4 10. e4 Ne8 11. Bd2 f5 12. a3 Na6 13. Bd3 f4 14. Rf1 g5 15. Be2 g4
16. Ne1 h5 17. g3 f3 18. Bd3 h4 19. Qc1 hxg3 20. fxg3 Qf6 21. Rf2 Qg6 22. Bg5
Nf6 23. Qd2 Nh7 24. Be3 Bf6 25. Qc2 Bg5 26. Qd2 Bxe3 27. Qxe3 Ng5 28. Bf1 Nc7
29. Nd3 Kg7 30. b4 b6 31. b5 Bd7 32. a4 Ne8 33. Kh1 Nf6 34. Re1 a6 35. Nb2 a5
36. Nd3 Rh8 37. Kg1 Rh5 38. Nb2 Rah8 39. Qd3 Qh7 40. Qc2 Be8 41. Nbd1 Bg6 42.
Qb2 Ngxe4 43. Nxe4 Nxe4 44. Rc2 f2+ 45. Nxf2 Rxh2 46. Nxe4 Rh1+ 47. Kf2 Bxe4
48. Rce2 Qf5+ 49. Ke3 Qf3+ 50. Kd2 Rxf1 51. Rxf1 Qxf1 0-1

[Event "New Zealand Open Ch'p 2015"]
[Site "Devonport, Auckland"]
[Date "2015.01.08"]
[Round "8.49"]
[White "Nylund, Micah"]
[Black "Holdaway, Steven"]
[Result "0-1"]
[WhiteElo "1200"]
[BlackElo "1387"]
[PlyCount "54"]
[EventDate "2015.01.01"]
[EventType "swiss"]
[EventRounds "9"]
[SourceDate "2015.01.01"]

1. e4 e6 2. d4 d5 3. Bd3 c5 4. exd5 exd5 5. Nf3 Bg4 6. Be3 c4 7. Be2 Nf6 8. Nc3
Bb4 9. Qd2 Ne4 10. Bg5 f6 11. Qe3 fxg5 12. Ne5 Bxe2 13. f3 Nd7 14. Kxe2 Nxc3+
15. bxc3 Be7 16. Kf2 O-O 17. Rhf1 Nxe5 18. Qxe5 g4 19. Qe6+ Rf7 20. Kg1 gxf3
21. Rxf3 Bf6 22. Re1 Qe7 23. Rfe3 Qxe6 24. Rxe6 Raf8 25. Rd6 Bg5 26. Rxd5 Bd2
27. Ree5 Rf1# 0-1

[Event "New Zealand Open Ch'p 2015"]
[Site "Devonport, Auckland"]
[Date "2015.01.08"]
[Round "8.50"]
[White "Steadman, Mathew"]
[Black "Nylund, Timothy"]
[Result "1-0"]
[WhiteElo "1103"]
[BlackElo "1405"]
[PlyCount "69"]
[EventDate "2015.01.01"]
[EventType "swiss"]
[EventRounds "9"]
[SourceDate "2015.01.01"]

1. e4 d6 2. d4 g6 3. Be3 Bg7 4. Nc3 a6 5. Bd3 b5 6. a4 b4 7. Nce2 c5 8. Qd2 Nc6
9. c3 Na5 10. cxb4 Nb3 11. Qd1 Nxa1 12. Qxa1 cxb4 13. Qa2 Qa5 14. Qb3 Bd7 15.
Qd5 Rb8 16. Qxa5 Nf6 17. Nf3 O-O 18. O-O Rfc8 19. h3 b3 20. Rc1 Rc6 21. Rxc6
Bxc6 22. Qc7 Re8 23. Qxc6 a5 24. e5 Rb8 25. exf6 Bxf6 26. Bg5 Rb4 27. Bh6 Rb8
28. Qc7 Re8 29. Bb5 Bg7 30. Bxg7 Kxg7 31. Bxe8 Kh6 32. h4 Kh5 33. Qxe7 h6 34.
Bd7 d5 35. Nf4# 1-0

[Event "New Zealand Open Ch'p 2015"]
[Site "Devonport, Auckland"]
[Date "2015.01.08"]
[Round "8.51"]
[White "Mallela, Raivath"]
[Black "Mendoza, Darcy"]
[Result "1-0"]
[WhiteElo "1190"]
[BlackElo "612"]
[PlyCount "105"]
[EventDate "2015.01.01"]
[EventType "swiss"]
[EventRounds "9"]
[SourceDate "2015.01.01"]

1. d4 d5 2. c4 e5 3. dxe5 d4 4. Nf3 Nc6 5. Nbd2 Nge7 6. Nb3 Nf5 7. Bf4 Be6 8.
Rc1 Qd7 9. g3 O-O-O 10. Bg2 Be7 11. O-O h5 12. h4 Nh6 13. Nbd2 Bh3 14. Qb3 Bxg2
15. Kxg2 Qg4 16. a4 Rhg8 17. Ra1 f6 18. exf6 Bxf6 19. Ne4 Be7 20. a5 a6 21.
Neg5 Rdf8 22. Bd2 Nf5 23. Kh1 Nd6 24. Qd3 Rd8 25. Bf4 Ne8 26. Qg6 Nf6 27. Qf7
Qd7 28. Qe6 Ng4 29. Qxd7+ Rxd7 30. Nh2 Nxh2 31. Kxh2 Bd6 32. Bxd6 Rxd6 33. Rfd1
Re8 34. Rd2 Nb4 35. Ra4 c5 36. Ra3 Kc7 37. Nf3 Nc6 38. Kg2 Rde6 39. Kf1 b6 40.
axb6+ Kxb6 41. Ne1 Ne5 42. Nd3 Nxc4 43. Rb3+ Kc6 44. Rc2 Ne5 45. Rxc5+ Kd6 46.
Rb6+ Ke7 47. Rxe6+ Kxe6 48. Rxe5+ Kd7 49. Rxe8 Kxe8 50. Kg2 Kd7 51. Kf3 Kd6 52.
Ke4 a5 53. Kxd4 1-0

[Event "New Zealand Open Ch'p 2015"]
[Site "Devonport, Auckland"]
[Date "2015.01.08"]
[Round "8.53"]
[White "Barry, Jacob"]
[Black "Li, Leo Xiang Yu"]
[Result "1/2-1/2"]
[WhiteElo "965"]
[BlackElo "955"]
[PlyCount "56"]
[EventDate "2015.01.01"]
[EventType "swiss"]
[EventRounds "9"]
[SourceDate "2015.01.01"]

1. e4 e5 2. Nf3 Nc6 3. Bb5 a6 4. Ba4 Bc5 5. Qe2 Nb4 6. Nxe5 Qg5 7. Ng4 b5 8.
Bb3 d6 9. h3 Ne7 10. O-O Qh5 11. Nf6+ gxf6 12. Qxh5 Ng6 13. c3 Nd3 14. Qd5 Ngf4
15. Qxf7+ Kd8 16. Qxf6+ Kd7 17. Qxh8 Nxc1 18. Bf7 Bb7 19. Qxh7 Nce2+ 20. Kh1
Rf8 21. Bd5+ Kc8 22. Qe7 Rh8 23. Bxb7+ Kxb7 24. e5 Nxh3 25. gxh3 Rxh3+ 26. Kg2
Nf4+ 27. Kg1 Ne2+ 28. Kg2 Nf4+ 1/2-1/2

[Event "New Zealand Open Ch'p 2015"]
[Site "Devonport, Auckland"]
[Date "2015.01.08"]
[Round "8.55"]
[White "McRae, John H"]
[Black "Nylund, Benjamin"]
[Result "1/2-1/2"]
[WhiteElo "1133"]
[BlackElo "1453"]
[PlyCount "34"]
[EventDate "2015.01.01"]
[EventType "swiss"]
[EventRounds "9"]
[SourceDate "2015.01.01"]

1. d4 d5 2. e3 c5 3. c4 e6 4. Nc3 Nc6 5. Be2 dxc4 6. dxc5 Qxd1+ 7. Nxd1 Bxc5 8.
Bxc4 Nf6 9. Nc3 O-O 10. Nf3 Bd7 11. O-O Rfd8 12. e4 Ng4 13. Bg5 Re8 14. Rad1
Bc8 15. Nb5 Bb6 16. h3 Nge5 17. Be2 a6 1/2-1/2

[Event "New Zealand Open Ch'p 2015"]
[Site "Devonport, Auckland"]
[Date "2015.01.08"]
[Round "8.56"]
[White "Ryu, Rosa"]
[Black "Lee, Amy"]
[Result "1-0"]
[WhiteElo "684"]
[BlackElo "644"]
[PlyCount "93"]
[EventDate "2015.01.01"]
[EventType "swiss"]
[EventRounds "9"]
[SourceDate "2015.01.01"]

1. d4 d5 2. Bf4 e6 3. e3 Be7 4. Nf3 Nf6 5. Bd3 O-O 6. h3 Bd7 7. Nbd2 Nc6 8. Ne5
Nxe5 9. dxe5 Nh5 10. Qxh5 f5 11. g4 g6 12. Qh6 Rf7 13. g5 c5 14. O-O-O Rc8 15.
h4 Bf8 16. Rdg1 c4 17. Qxf8+ Kxf8 18. Be2 c3 19. Nb3 a5 20. Rd1 a4 21. Nd4 a3
22. b3 Qe8 23. h5 Ba4 24. hxg6 Rg7 25. gxh7 Qd7 26. h8=Q+ Rg8 27. Qh6+ Rg7 28.
Nxe6+ Kg8 29. Nxg7 Qxg7 30. Qxg7+ Kxg7 31. Rxd5 Bc6 32. e4 fxe4 33. Rc5 Rf8 34.
Rh4 Bd7 35. Rc7 Rd8 36. Rxb7 Kg8 37. Bb5 Bf5 38. Bd7 Bxd7 39. Rh6 Kg7 40. g6
Kf8 41. Rh8+ Ke7 42. Rxd8 Kxd8 43. Rxd7+ Ke8 44. Rc7 Kd8 45. Rxc3 Ke7 46. Rc6
e3 47. Bxe3 1-0

[Event "New Zealand Open Ch'p 2015"]
[Site "Devonport, Auckland"]
[Date "2015.01.08"]
[Round "8.57"]
[White "Braganza, Nadia"]
[Black "Yuan, Kimberley"]
[Result "1-0"]
[WhiteElo "1334"]
[BlackElo "1038"]
[PlyCount "65"]
[EventDate "2015.01.01"]
[EventType "swiss"]
[EventRounds "9"]
[SourceDate "2015.01.01"]

1. e4 c6 2. Nf3 d5 3. Nc3 Bg4 4. Be2 Nd7 5. exd5 Bxf3 6. Bxf3 Ngf6 7. O-O Nb6
8. dxc6 Nfd5 9. cxb7 Rb8 10. Nxd5 Nxd5 11. c4 Nf6 12. d3 e6 13. Bf4 Bd6 14.
Qa4+ Nd7 15. Bxd6 a6 16. Bc6 a5 17. Bxb8 Qxb8 18. Bxd7+ Ke7 19. Bc6 Rd8 20.
Qxa5 Kf8 21. Qb4+ Kg8 22. Qe7 g6 23. Qf6 Rxd3 24. Rad1 Rd6 25. Rxd6 Qxd6 26.
Bf3 Qb8 27. Qc3 Kf8 28. Qh8+ Ke7 29. Qxb8 Kf6 30. Qf4+ Kg7 31. b8=Q f6 32. Qb7+
Kg8 33. Qfb8# 1-0

[Event "New Zealand Open Ch'p 2015"]
[Site "Devonport, Auckland"]
[Date "2015.01.09"]
[Round "9.2"]
[White "Sukandar, Irine Kharisma"]
[Black "Howell, David W L"]
[Result "0-1"]
[WhiteElo "2392"]
[BlackElo "2670"]
[PlyCount "84"]
[EventDate "2015.01.01"]
[EventType "swiss"]
[EventRounds "9"]
[SourceDate "2015.01.01"]

1. e4 e5 2. Nf3 Nc6 3. Bc4 Bc5 4. c3 Nf6 5. d4 exd4 6. cxd4 Bb4+ 7. Bd2 Nxe4 8.
Bxb4 Nxb4 9. Bxf7+ Kxf7 10. Qb3+ Kf8 11. Qxb4+ Qe7 12. Qxe7+ Kxe7 13. Nc3 Nf6
14. O-O Kd8 15. Rfe1 d6 16. Ng5 Rf8 17. Nge4 Ne8 18. Re3 h6 19. Rae1 Bd7 20. h4
a5 21. g3 a4 22. Nd5 Ra5 23. Nec3 g5 24. hxg5 hxg5 25. f3 g4 26. fxg4 Rg8 27.
Kf2 Rf8+ 28. Kg1 Rg8 29. Kf2 Rg5 30. Nf4 Nf6 31. Ne6+ Bxe6 32. Rxe6 Nxg4+ 33.
Kg2 Rg7 34. Re8+ Kd7 35. Rb8 Rh5 36. Rxb7 Rh2+ 37. Kg1 Rd2 38. Rd1 Rc2 39. Re1
a3 40. Nd1 Nh2 41. Rb3 axb2 42. Nxb2 Rf7 0-1

[Event "New Zealand Open Ch'p 2015"]
[Site "Devonport, Auckland"]
[Date "2015.01.09"]
[Round "9.3"]
[White "Rasmussen, Allan Stig"]
[Black "Hague, Ben"]
[Result "1-0"]
[WhiteElo "2526"]
[BlackElo "2317"]
[PlyCount "91"]
[EventDate "2015.01.01"]
[EventType "swiss"]
[EventRounds "9"]
[SourceDate "2015.01.01"]

1. Nf3 Nf6 2. c4 e6 3. g3 a6 4. b3 b5 5. Bg2 Bb7 6. Nc3 b4 7. Na4 Be7 8. d4 d5
9. O-O O-O 10. Bf4 Nbd7 11. Rc1 dxc4 12. Rxc4 Nd5 13. Qc2 Nxf4 14. gxf4 Bd5 15.
Rxc7 Bd6 16. Ng5 g6 17. Bxd5 exd5 18. Rc6 Bxf4 19. Nf3 Nf6 20. Kg2 Ne4 21. e3
Bd6 22. Nb6 Nc3 23. Rxc3 bxc3 24. Nxa8 Bb4 25. a3 Bxa3 26. Qxc3 Qd7 27. Ne5 Qf5
28. Qc6 Qe4+ 29. f3 Qxe3 30. Nc7 Qxd4 31. Qxd5 Qf4 32. Nxa6 Qg5+ 33. Ng4 Qh4
34. Qd4 f5 35. Qc4+ Kh8 36. Qd4+ Kg8 37. Qc4+ Kh8 38. Ne5 Qe7 39. Qc3 Kg8 40.
b4 Rd8 41. Re1 Qg5+ 42. Kf1 Rd2 43. Qc4+ Kg7 44. Qc7+ Kg8 45. Qf7+ Kh8 46. Qf8#
1-0

[Event "New Zealand Open Ch'p 2015"]
[Site "Devonport, Auckland"]
[Date "2015.01.09"]
[Round "9.4"]
[White "Bischoff, Klaus"]
[Black "Schmitz, Andreas Arnold"]
[Result "1-0"]
[WhiteElo "2490"]
[BlackElo "2066"]
[PlyCount "89"]
[EventDate "2015.01.01"]
[EventType "swiss"]
[EventRounds "9"]
[SourceDate "2015.01.01"]

1. Nf3 Nf6 2. c4 c5 3. Nc3 g6 4. e4 d6 5. d4 cxd4 6. Nxd4 Bg7 7. f3 O-O 8. Be3
Nc6 9. Qd2 Nxd4 10. Bxd4 Qa5 11. O-O-O Ne8 12. Bxg7 Nxg7 13. Nd5 Qxa2 14. Nxe7+
Kh8 15. Qc3 Be6 16. Bd3 b5 17. Kd2 bxc4 18. Ra1 Qb3 19. Qxb3 cxb3 20. Ra5 f5
21. Rha1 fxe4 22. Bxe4 Rad8 23. Nc6 Rd7 24. Rxa7 Rxa7 25. Rxa7 d5 26. Bd3 Bf5
27. Nd4 Bxd3 28. Kxd3 Nf5 29. Nxf5 Rxf5 30. Rb7 h5 31. Rxb3 g5 32. Kd4 g4 33.
fxg4 Rf2 34. gxh5 Rxg2 35. Rb8+ Kg7 36. h6+ Kxh6 37. Kxd5 Kg7 38. b4 Rxh2 39.
b5 Rh6 40. b6 Rf6 41. Kc5 Rf1 42. Re8 Rc1+ 43. Kd6 Rd1+ 44. Kc7 Kf7 45. Re2 1-0

[Event "New Zealand Open Ch'p 2015"]
[Site "Devonport, Auckland"]
[Date "2015.01.09"]
[Round "9.5"]
[White "Croad, Nicholas"]
[Black "Teh, Eu Wen Aron"]
[Result "0-1"]
[WhiteElo "2254"]
[BlackElo "2300"]
[PlyCount "75"]
[EventDate "2015.01.01"]
[EventType "swiss"]
[EventRounds "9"]
[SourceDate "2015.01.01"]

1. d4 Nf6 2. c4 e6 3. Nf3 d5 4. Nc3 Bb4 5. cxd5 exd5 6. Bg5 h6 7. Bh4 O-O 8. a3
Be7 9. Qc2 c6 10. e3 Ne4 11. Bxe7 Qxe7 12. Bd3 Nxc3 13. Qxc3 Be6 14. O-O Nd7
15. b4 Rfc8 16. Rae1 a6 17. e4 dxe4 18. Bxe4 Qd6 19. Ne5 Nf6 20. Bb1 Rd8 21.
Rd1 a5 22. bxa5 Qc7 23. Rd3 Rxa5 24. Rg3 Rad5 25. Qe3 Kf8 26. Ba2 Rxd4 27. Bxe6
fxe6 28. Ng6+ Kf7 29. f4 Rd1 30. f5 Rxf1+ 31. Kxf1 exf5 32. Nf4 Rd6 33. Qb3+
Nd5 34. Qb2 Kg8 35. Nh5 g6 36. Qe5 Qe7 37. Qb2 Kh7 38. Qb1 0-1

[Event "New Zealand Open Ch'p 2015"]
[Site "Devonport, Auckland"]
[Date "2015.01.09"]
[Round "9.6"]
[White "Thornton, Giovanni A"]
[Black "Van Riemsdijk, Herman C"]
[Result "0-1"]
[WhiteElo "2143"]
[BlackElo "2356"]
[PlyCount "72"]
[EventDate "2015.01.01"]
[EventType "swiss"]
[EventRounds "9"]
[SourceDate "2015.01.01"]

1. Nf3 Nc6 2. c4 e5 3. Nc3 Nf6 4. g3 d5 5. cxd5 Nxd5 6. Bg2 Nb6 7. O-O Be7 8.
d3 O-O 9. a3 Be6 10. b4 f6 11. Bb2 Qe8 12. Rc1 Rd8 13. Nd2 a6 14. Nce4 Rf7 15.
Nc5 Bxc5 16. Rxc5 Nd5 17. Qc1 Nd4 18. Re1 c6 19. e3 Nb5 20. Ne4 Nb6 21. Qc2 Bd5
22. a4 Nc7 23. d4 exd4 24. exd4 Qf8 25. b5 axb5 26. Ba3 Rfd7 27. axb5 Qf7 28.
bxc6 bxc6 29. Rb1 Nc4 30. Bc1 Nb5 31. Rxd5 cxd5 32. Rxb5 dxe4 33. Bxe4 g6 34.
Bf3 Rxd4 35. Rb7 Ne5 36. Kg2 Nxf3 0-1

[Event "New Zealand Open Ch'p 2015"]
[Site "Devonport, Auckland"]
[Date "2015.01.09"]
[Round "9.7"]
[White "Dive, Russell J"]
[Black "Jule, Alexandra"]
[Result "1/2-1/2"]
[WhiteElo "2315"]
[BlackElo "1939"]
[PlyCount "87"]
[EventDate "2015.01.01"]
[EventType "swiss"]
[EventRounds "9"]
[SourceDate "2015.01.01"]

1. f4 d5 2. Nf3 Nf6 3. g3 g6 4. Bg2 Bg7 5. O-O c5 6. d3 d4 7. Na3 O-O 8. Nc4
Nd5 9. a4 Nc6 10. Bd2 Rb8 11. Qc1 Nb6 12. Nce5 Be6 13. Nxc6 bxc6 14. b3 Nd5 15.
Rb1 Qd6 16. Kh1 Bg4 17. Ng5 f5 18. Qe1 h6 19. Nf3 Bxf3 20. Bxf3 e5 21. fxe5
Bxe5 22. Bxh6 Rf7 23. Kg2 f4 24. Bxd5 Qxd5+ 25. Rf3 fxg3 26. hxg3 Re8 27. Qf2
g5 28. Kg1 Rxf3 29. exf3 Bf6 30. f4 g4 31. f5 Re7 32. Re1 Rxe1+ 33. Qxe1 Be5
34. Qf2 Kf7 35. Bg5 Qd6 36. Kg2 Qd5+ 37. Kh2 Qd6 38. Bf4 Kf6 39. Bd2 Qd7 40.
Bf4 Qxf5 41. Bxe5+ Kxe5 42. Qe2+ Kd6 43. Kg2 Qh5 44. Qf2 1/2-1/2

[Event "New Zealand Open Ch'p 2015"]
[Site "Devonport, Auckland"]
[Date "2015.01.09"]
[Round "9.8"]
[White "Goodhue, Nathan"]
[Black "Drummond, Matthew"]
[Result "0-1"]
[WhiteElo "2020"]
[BlackElo "2231"]
[PlyCount "108"]
[EventDate "2015.01.01"]
[EventType "swiss"]
[EventRounds "9"]
[SourceDate "2015.01.01"]

1. f4 g6 2. Nf3 Bg7 3. g3 d6 4. Bg2 c5 5. e4 Nc6 6. Nc3 e6 7. d3 Nge7 8. O-O
O-O 9. Ne2 e5 10. fxe5 dxe5 11. Be3 b6 12. Qd2 Nd4 13. Nexd4 cxd4 14. Bh6 f6
15. Bxg7 Kxg7 16. c4 a5 17. a4 Nc6 18. Ne1 Nb4 19. Nc2 Na6 20. Ra3 Nc5 21. b4
axb4 22. Qxb4 Qc7 23. Rfa1 Bd7 24. Ne1 Ra5 25. Bf3 Rfa8 26. Bd1 R8a6 27. R1a2
Qa7 28. Kg2 Bc6 29. Kg1 Qd7 30. Ra1 h5 31. R1a2 h4 32. gxh4 Bxa4 33. Bf3 Qc7
34. Rg2 Be8 35. Rxa5 bxa5 36. Qd2 Ne6 37. Rg3 a4 38. h5 g5 39. h4 Kh6 40. Bg4
Nf4 41. hxg5+ fxg5 42. Qb4 Qd6 43. c5 Qf6 44. Qb7 a3 45. Bf5 Bf7 46. Kh2 a2 47.
Nc2 a1=Q 48. Nxa1 Ra2+ 49. Kh1 Rxa1+ 50. Rg1 g4 51. Qb6 Be6 52. Qxe6 Rxg1+ 53.
Kxg1 Nxe6 54. c6 Nc7 0-1

[Event "New Zealand Open Ch'p 2015"]
[Site "Devonport, Auckland"]
[Date "2015.01.09"]
[Round "9.9"]
[White "Ang, Alphaeus Wei Ern"]
[Black "Reilly, Tim"]
[Result "0-1"]
[WhiteElo "2009"]
[BlackElo "2238"]
[PlyCount "68"]
[EventDate "2015.01.01"]
[EventType "swiss"]
[EventRounds "9"]
[SourceDate "2015.01.01"]

1. d4 d6 2. Nf3 g6 3. c4 f5 4. Nc3 Nf6 5. Bg5 Nbd7 6. e3 Bg7 7. Bd3 O-O 8. Qe2
c6 9. h4 Qe8 10. O-O-O e5 11. dxe5 dxe5 12. Bxf6 Nxf6 13. c5 b5 14. cxb6 axb6
15. Bc4+ Kh8 16. Ng5 b5 17. Bf7 Qe7 18. h5 b4 19. hxg6 h6 20. Nb1 Ng4 21. Rh5
Ba6 22. Qc2 e4 23. Be6 Bd3 24. Rxd3 exd3 25. Qc4 Ra5 26. Qf4 Rc5+ 27. Kd1 Rc2
28. Nf7+ Rxf7 29. gxf7 Qc5 30. Qb8+ Bf8 31. Nc3 Nxf2+ 32. Ke1 Qxe3+ 33. Kf1
Rc1+ 34. Nd1 Rxd1# 0-1

[Event "New Zealand Open Ch'p 2015"]
[Site "Devonport, Auckland"]
[Date "2015.01.09"]
[Round "9.10"]
[White "Ker, Anthony F"]
[Black "Louie, Jared"]
[Result "1-0"]
[WhiteElo "2302"]
[BlackElo "1783"]
[PlyCount "75"]
[EventDate "2015.01.01"]
[EventType "swiss"]
[EventRounds "9"]
[SourceDate "2015.01.01"]

1. e4 c5 2. c3 d6 3. d4 Nf6 4. dxc5 Nc6 5. f3 dxc5 6. Qxd8+ Nxd8 7. Be3 Ne6 8.
Bc4 b6 9. a4 Nc7 10. Na3 e5 11. Ne2 Bd7 12. Nb5 Nxb5 13. axb5 Bd6 14. Bg5 Be6
15. b3 h6 16. Bxf6 gxf6 17. Kf2 Kd7 18. Ra2 Kc7 19. Rha1 Kb7 20. Ng3 Rhd8 21.
Ke3 Bf8 22. Nf5 Bxf5 23. exf5 h5 24. Ke4 a5 25. Bd5+ Rxd5 26. Kxd5 Rd8+ 27. Ke4
Bd6 28. Rd1 Kc7 29. Rad2 Rd7 30. h4 Rd8 31. g4 hxg4 32. fxg4 Be7 33. Rxd8 Bxd8
34. h5 Be7 35. h6 Bf8 36. Rh1 c4 37. bxc4 a4 38. h7 1-0

[Event "New Zealand Open Ch'p 2015"]
[Site "Devonport, Auckland"]
[Date "2015.01.09"]
[Round "9.11"]
[White "Garbett, Paul A"]
[Black "Louie, Ryan"]
[Result "1-0"]
[WhiteElo "2264"]
[BlackElo "1927"]
[PlyCount "85"]
[EventDate "2015.01.01"]
[EventType "swiss"]
[EventRounds "9"]
[SourceDate "2015.01.01"]

1. e4 c5 2. Nf3 Nc6 3. Bb5 d6 4. O-O Bd7 5. Re1 e5 6. c3 g6 7. d4 cxd4 8. cxd4
Bg7 9. dxe5 Nxe5 10. Nc3 Nxf3+ 11. Qxf3 Bxb5 12. Nxb5 a6 13. Nc3 Ne7 14. Bf4
Nc6 15. Nd5 O-O 16. Qa3 Nd4 17. Rac1 Nb5 18. Qb4 Re8 19. a4 Nd4 20. Nc7 Ne6 21.
Nxe8 Nxf4 22. Nxg7 Qg5 23. g3 Ne2+ 24. Rxe2 Qxc1+ 25. Re1 Qc6 26. Qd4 Qc5 27.
Rd1 Qxd4 28. Rxd4 Kxg7 29. Rxd6 Re8 30. f3 Rc8 31. Rb6 Rc7 32. h4 f6 33. Kf2 h5
34. Ke3 Kf7 35. f4 Ke7 36. e5 fxe5 37. fxe5 Rc6 38. Rxc6 bxc6 39. b4 Ke6 40.
Ke4 Ke7 41. Kd4 Ke6 42. Kc5 Kxe5 43. Kxc6 1-0

[Event "New Zealand Open Ch'p 2015"]
[Site "Devonport, Auckland"]
[Date "2015.01.09"]
[Round "9.12"]
[White "Smith, Robert W"]
[Black "Lauterbach, Ingrid"]
[Result "1-0"]
[WhiteElo "2233"]
[BlackElo "2089"]
[PlyCount "97"]
[EventDate "2015.01.01"]
[EventType "swiss"]
[EventRounds "9"]
[SourceDate "2015.01.01"]

1. e4 c5 2. Nc3 e6 3. g3 Nc6 4. Bg2 Nf6 5. Nge2 d5 6. d3 d4 7. Nb1 g6 8. O-O
Bg7 9. f4 Qb6 10. Nd2 Qc7 11. h3 b6 12. e5 Nd5 13. Ne4 O-O 14. c3 dxc3 15. bxc3
Bb7 16. Nd6 Rad8 17. Nxb7 Qxb7 18. Qa4 Qd7 19. Qe4 Nce7 20. Rd1 h5 21. g4 hxg4
22. hxg4 g5 23. fxg5 Ng6 24. d4 b5 25. a3 a5 26. Bd2 c4 27. Qc2 Rb8 28. Be4
Nde7 29. Kg2 Rfc8 30. Rab1 Kf8 31. Rf1 Kg8 32. Rf2 b4 33. axb4 axb4 34. Rxb4
Rxb4 35. cxb4 c3 36. Bxc3 Nd5 37. Qd2 Nge7 38. Qd3 Nxc3 39. Nxc3 Qc7 40. Ne2
Nd5 41. Bh7+ Kh8 42. Qh3 Ne3+ 43. Kh2 Nxg4+ 44. Qxg4 Kxh7 45. Qh5+ Kg8 46. g6
fxg6 47. Qxg6 Qe7 48. Rf6 Qxb4 49. Rf7 1-0

[Event "New Zealand Open Ch'p 2015"]
[Site "Devonport, Auckland"]
[Date "2015.01.09"]
[Round "9.13"]
[White "McLaren, Leonard J"]
[Black "Dowden, R Anthony"]
[Result "1-0"]
[WhiteElo "2210"]
[BlackElo "2108"]
[PlyCount "35"]
[EventDate "2015.01.01"]
[EventType "swiss"]
[EventRounds "9"]
[SourceDate "2015.01.01"]

1. e4 e6 2. d4 d5 3. Nc3 Bb4 4. Nge2 Nf6 5. e5 Nfd7 6. f4 c5 7. a3 Bxc3+ 8.
Nxc3 cxd4 9. Nb5 O-O 10. Nxd4 Nc6 11. Be3 Qh4+ 12. g3 Qe7 13. Bg2 f6 14. O-O
fxe5 15. Nxe6 Qxe6 16. Bxd5 Nf6 17. Bxe6+ Bxe6 18. fxe5 1-0

[Event "New Zealand Open Ch'p 2015"]
[Site "Devonport, Auckland"]
[Date "2015.01.09"]
[Round "9.14"]
[White "Morrell, Gordon"]
[Black "Zulfic, Fedja"]
[Result "1-0"]
[WhiteElo "2147"]
[BlackElo "2114"]
[PlyCount "97"]
[EventDate "2015.01.01"]
[EventType "swiss"]
[EventRounds "9"]
[SourceDate "2015.01.01"]

1. d4 Nf6 2. c4 c5 3. d5 b5 4. cxb5 a6 5. b6 a5 6. Nc3 Ba6 7. Nf3 g6 8. Nd2
Qxb6 9. e4 Bxf1 10. Kxf1 d6 11. Qa4+ Nbd7 12. Qb5 Bg7 13. a4 O-O 14. Nc4 Qa7
15. Qb3 Qa6 16. Nb5 Nb6 17. f3 Nxc4 18. Qxc4 Nd7 19. Qe2 Nb6 20. Bg5 Rfb8 21.
Bxe7 Nxa4 22. Bxd6 Rxb5 23. Rxa4 Rxb2 24. Qxa6 Rxa6 25. Bg3 Rc2 26. Be1 Rc1 27.
Ke2 Rb6 28. f4 Rb2+ 29. Kf3 Rb3+ 30. Ke2 Rc2+ 31. Kf1 Rb1 32. e5 Rb4 33. Bxb4
cxb4 34. Rxa5 b3 35. Ra8+ Bf8 36. Rg1 Kg7 37. d6 f6 38. Rb8 fxe5 39. fxe5 b2
40. Ke1 Kf7 41. Rf1+ Ke6 42. Rfxf8 Rc1+ 43. Kf2 b1=Q 44. Rxb1 Rxb1 45. Re8+ Kd7
46. Re7+ Kd8 47. Rxh7 Rb5 48. e6 Rf5+ 49. Kg3 1-0

[Event "New Zealand Open Ch'p 2015"]
[Site "Devonport, Auckland"]
[Date "2015.01.09"]
[Round "9.15"]
[White "Macdonald, Paul"]
[Black "Stojic, Dusan"]
[Result "0-1"]
[WhiteElo "1983"]
[BlackElo "2123"]
[PlyCount "58"]
[EventDate "2015.01.01"]
[EventType "swiss"]
[EventRounds "9"]
[SourceDate "2015.01.01"]

1. d4 Nf6 2. c4 g6 3. Nc3 d5 4. cxd5 Nxd5 5. Bd2 Bg7 6. e4 Nb6 7. Be3 O-O 8.
Qd2 Nc6 9. O-O-O a5 10. Bb5 a4 11. Nge2 Na5 12. Bh6 c6 13. Bxg7 Kxg7 14. Bd3
Nbc4 15. Bxc4 Nxc4 16. Qd3 b5 17. d5 a3 18. b3 Nb2 19. Qd4+ e5 20. Qxe5+ f6 21.
Qg3 Nxd1 22. Rxd1 b4 23. dxc6 Qe8 24. Nd5 Qxe4 25. Ne3 Qxc6+ 26. Kb1 Ba6 27.
Nf4 Qe4+ 28. Nc2 Rac8 29. Rd2 Rfd8 0-1

[Event "New Zealand Open Ch'p 2015"]
[Site "Devonport, Auckland"]
[Date "2015.01.09"]
[Round "9.16"]
[White "Milligan, Helen"]
[Black "Gao, Hans"]
[Result "1/2-1/2"]
[WhiteElo "1968"]
[BlackElo "2116"]
[PlyCount "135"]
[EventDate "2015.01.01"]
[EventType "swiss"]
[EventRounds "9"]
[SourceDate "2015.01.01"]

1. e4 c5 2. Nf3 d6 3. Bb5+ Nd7 4. d4 cxd4 5. Qxd4 a6 6. Bxd7+ Bxd7 7. O-O e5 8.
Qd3 h6 9. Nc3 Nf6 10. Rd1 Be7 11. h3 O-O 12. Be3 Rc8 13. Rac1 Be6 14. a3 Qc7
15. Nh2 Rfd8 16. Nf1 d5 17. exd5 Nxd5 18. Nxd5 Rxd5 19. Qe2 Rb5 20. c3 Qc6 21.
Rd2 Rd5 22. Rcd1 Rcd8 23. Nh2 Rxd2 24. Rxd2 Rxd2 25. Qxd2 Qe4 26. f3 Qg6 27.
Kh1 e4 28. Bf4 exf3 29. Nxf3 Qe4 30. Qe3 Qb1+ 31. Qc1 Qd3 32. Qe3 Qb5 33. b4
Bd8 34. Nd4 Qf1+ 35. Kh2 Bd5 36. Nf3 Bf6 37. Bg3 Bg5 38. Bf4 Bf6 39. Bg3 b5 40.
Bd6 Qc4 41. Be5 Bd8 42. Qd4 Qxd4 43. Nxd4 Bg5 44. Ne2 Bc4 45. Nf4 f6 46. Bc7
Kf7 47. Kg3 f5 48. Be5 Bd8 49. Kf3 g5 50. Ne2 Ke6 51. Bg7 Bd5+ 52. Kf2 Be4 53.
h4 gxh4 54. Bxh6 Kd5 55. Bg7 Kc4 56. Nd4 Bg5 57. Ne6 Bd2 58. Bf6 Bxc3 59. Bxh4
Bb2 60. Nc5 Bxa3 61. Nxa6 Bxb4 62. Nxb4 Kxb4 63. g3 Kc3 64. Ke3 Bc6 65. Bf6+
Kc4 66. Kd2 Be4 67. Kc1 Kb3 68. Be5 1/2-1/2

[Event "New Zealand Open Ch'p 2015"]
[Site "Devonport, Auckland"]
[Date "2015.01.09"]
[Round "9.17"]
[White "Krstev, Antonio"]
[Black "Duneas, John"]
[Result "1/2-1/2"]
[WhiteElo "2012"]
[BlackElo "2054"]
[PlyCount "146"]
[EventDate "2015.01.01"]
[EventType "swiss"]
[EventRounds "9"]
[SourceDate "2015.01.01"]

1. d4 Nf6 2. c4 g6 3. Nc3 d5 4. cxd5 Nxd5 5. e4 Nxc3 6. bxc3 Bg7 7. Bc4 c5 8.
Ne2 O-O 9. O-O Nc6 10. Be3 Qc7 11. Rc1 Rd8 12. Qd2 Na5 13. Bd3 e5 14. f4 c4 15.
Bb1 Bg4 16. fxe5 Bxe5 17. h3 Bxe2 18. Qxe2 Bg7 19. e5 Qe7 20. Rce1 f6 21. exf6
Bxf6 22. Bh6 Qxe2 23. Rxe2 Bg7 24. Bxg7 Kxg7 25. Re7+ Kh6 26. Rff7 Rh8 27. d5
Raf8 28. Rxf8 Rxf8 29. Be4 Kg5 30. Bf3 h5 31. Kf2 Rf6 32. h4+ Kxh4 33. Re6 Kg5
34. Re2 Kf5 35. Re8 h4 36. Ke3 g5 37. Kd4 b6 38. Re7 Rd6 39. Rf7+ Kg6 40. Ke5
Kxf7 41. Kxd6 Nb7+ 42. Kc7 Nc5 43. Bg4 b5 44. a3 a5 45. d6 b4 46. cxb4 axb4 47.
axb4 c3 48. Bd1 Ne6+ 49. Kc8 Kf6 50. b5 g4 51. b6 h3 52. gxh3 gxh3 53. b7 h2
54. b8=Q h1=Q 55. Ba4 Qh8+ 56. Kb7 Nc5+ 57. Ka7 Qxb8+ 58. Kxb8 Ke6 59. d7 Nxd7+
60. Kc7 Nc5 61. Bc2 Kd5 62. Kb6 Kc4 63. Ka5 Nd3 64. Ka4 Ne1 65. Bb1 Kd4 66. Ka3
Ke3 67. Kb3 Kd2 68. Kc4 Nc2 69. Kb3 Ne3 70. Kb4 Nd5+ 71. Kb3 Kc1 72. Be4 Kd1
73. Kc4 Nf6 1/2-1/2